MyGZULibrary

Cross-cultural perspectives in human development : (Record no. 251)

MARC details
000 -LEADER
fixed length control field 02472cam a22003254a 4500
001 - CONTROL NUMBER
control field 13258374
003 - CONTROL NUMBER IDENTIFIER
control field GZU
005 - DATE AND TIME OF LATEST TRANSACTION
control field 20200716091904.0
008 - FIXED-LENGTH DATA ELEMENTS--GENERAL INFORMATION
fixed length control field 030701s2003 ii a b 001 0ceng
010 ## - LIBRARY OF CONGRESS CONTROL NUMBER
LC control number 2003013078
020 ## - INTERNATIONAL STANDARD BOOK NUMBER
International Standard Book Number 0761997687 (USHb)
020 ## - INTERNATIONAL STANDARD BOOK NUMBER
International Standard Book Number 0761997695 (USPb)
040 ## - CATALOGING SOURCE
Original cataloging agency DLC
Transcribing agency DLC
Modifying agency DLC
042 ## - AUTHENTICATION CODE
Authentication code pcc
050 00 - LIBRARY OF CONGRESS CALL NUMBER
Classification number BF713.5
Item number .C76 2003
082 00 - DEWEY DECIMAL CLASSIFICATION NUMBER
Classification number 155
Edition number 22
245 00 - TITLE STATEMENT
Title Cross-cultural perspectives in human development :
Remainder of title theory, research, and applications /
Statement of responsibility, etc. edited by T.S. Saraswathi.
260 ## - PUBLICATION, DISTRIBUTION, ETC.
Place of publication, distribution, etc. New Delhi ;
-- Thousand Oaks :
Name of publisher, distributor, etc. Sage Publications,
Date of publication, distribution, etc. c2003.
300 ## - PHYSICAL DESCRIPTION
Extent 401 p. :
Other physical details ill. ;
Dimensions 23 cm.
504 ## - BIBLIOGRAPHY, ETC. NOTE
Bibliography, etc. note Includes bibliographical references and indexes.
505 0# - FORMATTED CONTENTS NOTE
Formatted contents note Introduction / T.S. Saraswathi -- Ecocultural perspective on human psychological development / John W. Berry -- Wanted, a contextualized psychology : plea for a cultural psychology based on action theory / Lutz H. Eckensberger -- Ontogeny as the interface between biology and culture : evolutionary considerations / Heidi Keller -- Theoretical frameworks in cross-cultural developmental psychology : an attempt at integration / Pierre R. Dasen -- Human development across cultures : a contextual-functional analysis and implications for interventions / Cigdem Kagiteibasi -- Individualism in a collective culture : a case of coexistence of opposites -- Conceptualizing human development and education in sub-Saharan Africa at the interface of indigenous and exogenous influences / A. Bame Nsamenang -- Modernization and changes in adolescent social life / Alice Schlegel -- Adolescence without family disengagement : the daily family lives of Indian middle class teenagers / Reed Larson, Suman Verma, Jodi Dworkin -- From research project to nationwide program : the mother-child education program of Turkey / Sevda Bekman -- Counting on everyday mathematics / Anita Rampal -- Current issues and trends in early childhood education / Lilian G. Katz.
650 #0 - SUBJECT ADDED ENTRY--TOPICAL TERM
Topical term or geographic name entry element Developmental psychology.
650 #0 - SUBJECT ADDED ENTRY--TOPICAL TERM
Topical term or geographic name entry element Ethnopsychology.
700 1# - ADDED ENTRY--PERSONAL NAME
Personal name Saraswati, T. S.
856 41 - ELECTRONIC LOCATION AND ACCESS
Materials specified Table of contents only
Uniform Resource Identifier <a href="http://www.loc.gov/catdir/toc/ecip045/2003013078.html">http://www.loc.gov/catdir/toc/ecip045/2003013078.html</a>
856 42 - ELECTRONIC LOCATION AND ACCESS
Materials specified Publisher description
Uniform Resource Identifier <a href="http://www.loc.gov/catdir/enhancements/fy0657/2003013078-d.html">http://www.loc.gov/catdir/enhancements/fy0657/2003013078-d.html</a>
906 ## - LOCAL DATA ELEMENT F, LDF (RLIN)
a 7
b cbc
c orignew
d 1
e ecip
f 20
g y-gencatlg
942 ## - ADDED ENTRY ELEMENTS (KOHA)
Source of classification or shelving scheme Library of Congress Classification
Koha item type Books
Classification part 713.5
Item part CRO
Call number prefix BF
Call number suffix 2003
Holdings
Withdrawn status Lost status Damaged status Not for loan Collection code Home library Current library Shelving location Date acquired Total Checkouts Full call number Barcode Date last seen Copy number Price effective from Koha item type
        Non-fiction City Campus Library City Campus Library General Stacks 07/16/2020   BF713.5 CRO 2003 B016270 07/16/2020 c.1 07/16/2020 Books